Statistics for U.S. States by More Populous Borders in 60 Seconds

Click here to take the quiz!

General Stats

  • This quiz has been taken 93 times
  • The average score is 45 of 50

Answer Stats

State % Correct
Louisiana
100%
Nevada
100%
Arkansas
100%
Texas
100%
New Mexico
100%
Oklahoma
100%
Alabama
98%
Iowa
98%
Florida
98%
Georgia
98%
Oregon
98%
Vermont
98%
Arizona
98%
New York
97%
Pennsylvania
97%
New Jersey
97%
Massachusetts
97%
Wyoming
97%
Connecticut
97%
Indiana
95%
California
95%
Idaho
95%
Wisconsin
95%
Nebraska
93%
Tennessee
93%
Utah
92%
South Dakota
92%
Kentucky
92%
Michigan
92%
North Dakota
90%
Montana
90%
Kansas
89%
Washington
89%
Mississippi
89%
West Virginia
89%
Minnesota
89%
Colorado
89%
South Carolina
89%
Missouri
87%
North Carolina
87%
Virginia
85%
Maine
82%
Maryland
82%
Delaware
80%
Illinois
80%
Ohio
79%
Alaska
77%
Hawaii
75%
Rhode Island
62%
New Hampshire
59%

Score Distribution

Percentile by Number Answered

Percent of People with Each Score

Your Score History

You have not taken this quiz